00425nam a2200157 450000500170000000800410001702000180005804100120007608200160008810000200010424500530012426000460017730000080022365000190023170000170025020260516135700.0260516b |||||||| |||| 00| 0 eng d a9780470823965 aEnglish a746.92bBOR aBoroian Michael aIndia By Design: The Pursuit of Luxury & Fashion aSingaporebJohn Wiley & Sons (Asia)c2010 a379 aFashion Design aPoix Alix De